000 005170000a22001810004500
003 MACL
005 20160306151410.0
008 160306b xxu||||| |||| 00| 0 eng d
040 _aMACL
_cMACL
041 _aHindi
082 _a891.433
100 _aअभिमन्‍यु अनत शबनम
_943627
245 _aएक बीघा प्‍यार
260 _bराजकमल प्रकाशन
_c1972
_aपटना
350 _a6
650 _aNovel
_943628
942 _cHIN
_k891.433
_2ddc
999 _c26084
_d26084